000 01127nac a22003137a 4500
001 BR8304174
003 BR-BrBNA
005 20240105115813.0
008 230509b bl.|||m| |||| 00| 0 por d
040 _aBR-BrBNA
_bpor
_cBiblioteca Nacional de Agricultura
072 _aE70
090 _a8947 BR8304174
100 1 _aOsorio, J.C. da S.
100 1 _aGuerreiro, J.L.V.
100 1 _aCardellino, R.A.
100 1 _aOsorio, M.T.M.
110 1 _aUnidade de Execucao de Pesquisa de Ambito Estadual de Pelotas, RS (Brasil)
_910370
245 1 _aEfeito da classificacao comercial de la sobre caracteristicas determinadas objetivamente [Rio Grande do Sul, Brasil]
260 3 _aPelotas, RS (Brasil):
_c1983.
300 _a15 p.
490 _aBoletim de Pesquisa - Unidade de Execucao de Pesquisa de Ambito Estadual de Pelotas (Brazil)
_vno. 4
_xISSN 0101-5702
500 _a8 tables; 17 ref.; Summaries (En, Pt)
650 _aLA
650 _aCLASSIFICACAO DE PRODUTO
650 _aANALISE QUALITATIVA
650 _aRIO GRANDE DO SUL
909 _a202312
_bLúcia Elande
_c55
_dLúcia Elande
942 _2AGRIS
_n0
_cMS
999 _c276470
_d276470